La ciudad sustentable: creación y rehabilitación de ciudades sustentables (Registro nro. 3192)

Detalles MARC
000 -Cabecera
Campo de control de longitud fija 00824aam a2200301 4500
005 - Fecha y hora de la última transacción
Campo de control 20240423154703.0
008 - Elementos de longitud fija--Información general
Campo de control de longitud fija 150630b xxu||||| |||| 00| 0 spa d
020 ## - International Standard Book Number
Número Internacional Estándar del Libro (ISBN) 9789682469381
041 ## - Idioma
Código de idioma Español
082 ## - Clasificación Decimal Dewey
Número de clasificación 711.4 L142c
100 ## - Entrada principal--Autor personal
Nombre personal Lacomba, Ruth
9 (RLIN) 27336
245 ## - Título propiamente dicho
Título La ciudad sustentable: creación y rehabilitación de ciudades sustentables
260 ## - Pie de imprenta
Lugar de publicación, distribución, etc. México
260 ## - Pie de imprenta
Nombre del editor, distribuidor, etc. Trillas
260 ## - Pie de imprenta
Fecha de publicación, distribución, etc. 2004
300 ## - Descripción física
Extensión 148 páginas
650 ## - Materia general
Temática (materia general) URBANISMO
650 ## - Materia general
Temática (materia general) DESARROLLO URBANÍSTICO
650 ## - Materia general
Temática (materia general) REHABILITACIÓN URBANA
650 ## - Materia general
Temática (materia general) PLANIFICACIÓN REGIONAL
650 ## - Materia general
Temática (materia general) DESARROLLO SUSTENTABLE
650 ## - Materia general
Temática (materia general) TRANSFORMACIÓN ENERGÉTICA
650 ## - Materia general
Temática (materia general) ARQUITECTURA
650 ## - Materia general
Temática (materia general) ARQUITECTURA BIOCLIMÁTICA
650 ## - Materia general
Temática (materia general) GOBIERNOS MUNICIPALES
942 ## - Punto de acceso adicional KOHA
Tipo de ítem KOHA Libro
Fuente del sistema de clasificación o colocación Dewey Decimal Classification
Existencias
Signatura completa Código de barras Programa Académico Tipo de ítem
711.4 L143c 17945 Turismo Libro